00591nam a22001817a 4500020001800000082001500018100001900033245006300052250001200115260004000127300002400167500002000191650001800211700001600229942000700245999001700252952014000269 a9780070260641 a621.47 SUK aSukhatme, S.P. aSolar energy: principles of thermal collection and storage a3rd ed. aNew Delhi, IndiabMcGraw Hillc2008 axx, 431 p. bill. ; aIncludes index. aSolar energy. aNayak, J.K. cBK c12529d12529 001040708NFICaCLbCLcGENd2013-12-27eMulti-Line Booksg702.12l2o621.47 SUKpSEECS012877r2022-09-01s2022-07-01w2014-01-06yBK